Hodnotenie vývoja exportu v SR za roky 1995 - 2010 bakalárska práca

Saved in:
Bibliographic Details
Main Author: Kučová, Dagmara
Corporate Author: Národohospodárska fakulta EU. Katedra hospodárskej politiky
Other Authors: Fifeková, Elena
Format: Book
Language:Slovak
Published: Bratislava 2012
Tags: Add Tag
No Tags, Be the first to tag this record!

MARC

LEADER 00000nbm a2200000 4500
001 0156001
005 20161109111931.3
041 0 |a slo 
044 |a SK 
245 1 0 |a Hodnotenie vývoja exportu v SR za roky 1995 - 2010  |b bakalárska práca  |c Dagmara Kučová ; školiteľ: Elena Fifeková 
264 1 |a Bratislava  |c 2012 
300 |a 49 s. 
100 1 |a Kučová, Dagmara 
700 1 |a Fifeková, Elena 
710 2 |a Národohospodárska fakulta EU. Katedra hospodárskej politiky